Périscope - Damso - Statistiques

Statistiques générales
  • Ce quiz a été pris 93 fois
  • Le résultat moyen est 235 sur 316
Statistiques - réponses
Réponse % Correct
J'
100%
j'
100%
d'
98%
du
96%
fais
96%
l'
96%
Périscope
96%
qu'
96%
sa
96%
sale
96%
sur
96%
n'
94%
Périscope
94%
que
94%
à
92%
a
92%
Périscope
92%
t'
92%
"T'
92%
le
90%
C'
88%
dans
87%
Dans
87%
ma
87%
Damso
83%
oui
83%
la
79%
je
77%
te
77%
Vie
77%
au
75%
comme
75%
suis
75%
chatte
73%
les
73%
un
73%
es
71%
Mon
71%
mon
71%
par
69%
des
67%
est
67%
et
67%
Jawad
67%
noyade
67%
pas
67%
Serge
67%
si
67%
sortir
67%
venais
67%
ai
65%
allume
65%
Batterie
65%
c'est
65%
chez
65%
faible
65%
Glock
65%
joint
65%
on
65%
stock
65%
appartement
63%
cul
63%
fume
63%
Morgan
63%
Négro
63%
recharge
63%
suspecté
63%
Aurier
62%
derrière
62%
Freeman
62%
Hitler"
62%
nettoie
62%
pour
62%
Roi
62%
ta
62%
Toujours
62%
toujours
62%
air
60%
bécane
60%
block
60%
clope
60%
Ménagère
60%
Menagère
60%
passagère
60%
sera
60%
temps
60%
baise
58%
entier
58%
fuck
58%
monde
58%
nique
58%
prends
58%
tout
58%
vais
58%
Avignon
56%
Belgium
56%
paye
56%
pont
56%
réseaux
56%
ruinée
56%
y
56%
azote
54%
depuis
54%
dot
54%
gratuitement
54%
impeccable
54%
OPG
54%
parti
54%
sous
54%
tchoins
54%
caleçon
52%
dit
52%
mettrai
52%
nazillon
52%
protoxyde
52%
sauf
52%
tôt
52%
trop
52%
clip
50%
drogue
50%
grillé
50%
mes
50%
big
48%
locks
48%
majeur
48%
ton
48%
vétérinaires
48%
92i
46%
chattes
46%
cramer
46%
Marc
46%
up
44%
vieux
44%
clique
42%
respecte
42%
beurettes
40%
bon
40%
tte-cha
40%
armés
38%
Dieu
38%
imams
38%
ris
38%
jugement
37%
ouais
37%
Wilmots
37%
Kopp
35%
Heenok
33%
laisse
33%
vautour
33%
notes
29%
pe-cli
29%
maître
27%
SantosVie
27%
sont
27%
Fruity
25%
noires
25%
bas-fesses
23%
Loops
23%
FuentesVie
19%
Aucun quiz correspondant
Distribution des résultats
% des personnes avec chaque résultat
Percentile par nombre de réponses
Votre historique - résultats
Vous n’avez pas pris ce quiz